Le roman et l'histoire d'une conversion (Record no. 35954)
[ view plain ]
| 000 -LEADER | |
|---|---|
| campo de control de longitud fija | 00661nam a2200193 i 4500 |
| 001 - NÚMERO DE CONTROL | |
| campo de control | 35954 |
| 003 - IDENTIFICADOR DE NÚMERO DE CONTROL | |
| campo de control | ES-MaACL |
| 005 - FECHA Y HORA DE LA ÚLTIMA TRANSACCIÓN | |
| campo de control | 20251003180836.0 |
| 007 - CAMPO FIJO DE DESCRIPCIÓN FÍSICA--INFORMACIÓN GENERAL | |
| campo de control de longitud fija | t| |
| 008 - DATOS DE LONGITUD FIJA--INFORMACIÓN GENERAL | |
| campo de control de longitud fija | 030214s1925 fr ||||1| fre d |
| 100 1# - ENTRADA PRINCIPAL--NOMBRE DE PERSONA | |
| Nombre de persona | Bremond, Henri. |
| 9 (RLIN) | 31573 |
| 245 13 - MENCIÓN DEL TÍTULO | |
| Título | Le roman et l'histoire d'une conversion |
| Resto del título | : Ulric Guttinger et Sainte-Beuve, d'après des correspondances inédites / |
| Mención de responsabilidad, etc. | Henri Brémond. |
| 260 ## - PUBLICACIÓN, DISTRIBUCIÓN, ETC. | |
| Lugar de publicación, distribución, etc. | Paris : |
| Nombre del editor, distribuidor, etc. | Plon-Nourrit et Cie, |
| Fecha de publicación, distribución, etc. | 1925. |
| 300 ## - DESCRIPCIÓN FÍSICA | |
| Extensión | 263 p. ; |
| Dimensiones | 19 cm. |
| 600 14 - PUNTO DE ACCESO ADICIONAL DE MATERIA--NOMBRE DE PERSONA | |
| Nombre de persona | Guttinguer, Ulric ( |
| Fechas asociadas al nombre | 1787-1866) |
| 9 (RLIN) | 164304 |
| 600 17 - PUNTO DE ACCESO ADICIONAL DE MATERIA--NOMBRE DE PERSONA | |
| Nombre de persona | Sainte-Beuve, Charles-Augustin, |
| Fechas asociadas al nombre | 1804-1869 |
| Fuente del encabezamiento o término | |
| 9 (RLIN) | 162958 |
| 852 ## - LOCALIZACIÓN | |
| Ubicación | ES-MaACL |
| Número de control de estantería | A-2291 |
| Estatus retirado | Estado de pérdida | Estado de daño | No para préstamo | Biblioteca de origen | Biblioteca actual | Ubicación en estantería | Fecha de adquisición | Fuente de adquisición | Total de préstamos | Signatura topográfica completa | Código de barras | Visto por última vez | Precio de reemplazo | Tipo de ítem Koha |
|---|---|---|---|---|---|---|---|---|---|---|---|---|---|---|
| Biblioteca del Ateneo de Madrid | Biblioteca del Ateneo de Madrid | Sala Pecera Planta 1 | 17/01/2008 | A-2291 | 1037691 | 23/02/2023 | 23/02/2023 | Libro impreso |
